header

Knowing the atomic nucleus (Record no. 251536)

MARC details
000 -LEADER
fixed length control field 00991pam a2200301 4500
001 - CONTROL NUMBER
control field 770807
003 - CONTROL NUMBER IDENTIFIER
control field OSt
005 - DATE AND TIME OF LATEST TRANSACTION
control field 20151125113227.0
008 - FIXED-LENGTH DATA ELEMENTS--GENERAL INFORMATION
fixed length control field 721116s1973 nyua j 001 0 eng
010 ## - LIBRARY OF CONGRESS CONTROL NUMBER
LC control number 72011985
020 ## - INTERNATIONAL STANDARD BOOK NUMBER
International Standard Book Number 0688412955
-- 068851295X (lib. bdg.)
040 ## - CATALOGING SOURCE
Original cataloging agency DLC
Transcribing agency DLC
Modifying agency DLC
042 ## - AUTHENTICATION CODE
Authentication code lcac
050 00 - LIBRARY OF CONGRESS CALL NUMBER
Classification number QC173
Item number .E42
082 00 - DEWEY DECIMAL CLASSIFICATION NUMBER
Classification number 539.7
100 1# - MAIN ENTRY--PERSONAL NAME
Personal name Ellis, R. Hobart.
245 10 - TITLE STATEMENT
Title Knowing the atomic nucleus
Statement of responsibility, etc [by] R. Hobart Ellis, Jr.
260 ## - PUBLICATION, DISTRIBUTION, ETC. (IMPRINT)
Place of publication, distribution, etc New York,
Name of publisher, distributor, etc Lothrop, Lee & Shepard Co.
Date of publication, distribution, etc [1973]
300 ## - PHYSICAL DESCRIPTION
Extent 127 p.
Other physical details illus.
Dimensions 25 cm.
350 ## - PRICE (NR) (BK AM CF MU VM SE) [OBSOLETE]
Price $4.50
520 ## - SUMMARY, ETC.
Summary, etc Describes the discovery, nature, and potential of the atomic nucleus, with explanations of atomic structure and behavior, radioactivity, fission, and fusion.
650 #0 - SUBJECT ADDED ENTRY--TOPICAL TERM
Topical term or geographic name as entry element Nuclear physics
General subdivision Juvenile literature.
Topical term or geographic name as entry element Atoms
General subdivision Juvenile literature.
Topical term or geographic name as entry element Nuclear physics.
Topical term or geographic name as entry element Atoms.
906 ## - LOCAL DATA ELEMENT F, LDF (RLIN)
a 7
b cbc
c orignew
d 1
e ocip
f 19
g y-gencatlg
942 ## - ADDED ENTRY ELEMENTS (KOHA)
Source of classification or shelving scheme Library of Congress Classification
Koha item type Long Loan Books
Holdings
Withdrawn status Lost status Source of classification or shelving scheme Damaged status Not for loan Collection code Home library Current library Shelving location Date acquired Total Checkouts Full call number Barcode Date last seen Price effective from Koha item type
    Library of Congress Classification     Non-fiction Rongo University Library Rongo University Library General Stacks 25/11/2015   QC173 .E42 20157595 25/11/2015 25/11/2015 Long Loan Books

© 2026 Rongo University
Contact us: librarian | system librarian | Rongo university